00958nam a2200241Ia 4500952014000000952014000140999001700280003000400297005001700301008004100318020001800359040000900377082001900386100002700405245009700432250001200529260004700541300000900588650001400597700003600611700002500647942004400672 00102ddc40708PRODUCTIONaMESbMEScECO d2019-02-20g250.00l0o338.954 SAC/Ip26083r2019-02-20 00:00:00t2w2019-02-20yBKzGL8R5 00102ddc40708PRODUCTIONaMESbMEScECO d2019-02-20g250.00l0o338.954 SAC/Ip26267r2019-02-20 00:00:00t1w2019-02-20yBKzGL8R5 c10545d10545OSt20191231150130.0190216s9999||||xx |||||||||||||| ||und|| a9780195655292 coclc a338.954bSAC/I aSachs, Jeffrey D 9965 0aIndia In The Era Of Economic Reforms /cJeffrey D Sachs ; Ashutosh Varshney ; Nirupam Bajpai a1st ed. bOxford University Press,c2000.aNew York: a312p aEconomics1 9992aVarshney, Ashutosh,d1957-1 9993aBajpai, Nirupam cBK2ddch338.954iSAC/Ik338.954mSAC/I